| 000 | 00684nam a22002297a 4500 | ||
|---|---|---|---|
| 001 | 4730 | ||
| 003 | FISKH | ||
| 005 | 20240926142928.0 | ||
| 008 | 240926b cb ||||| |||| 00| 0 eng d | ||
| 020 | _a9780545148894 | ||
| 040 |
_aFISKH _benng _cFISKH _dFISKH |
||
| 050 | _aTA403.2 | ||
| 082 | _a620.1 | ||
| 100 | _aScott, Janine | ||
| 245 |
_aWhat's it like? : _cInvestigate materials / |
||
| 260 |
_aNew York : _bScholastic, _c2009. |
||
| 300 |
_a28 pages : _bcolor illustrations ; _c22 cm |
||
| 520 | _aStretchy, smooth, or strong! What are materials like? Find out how they can change. | ||
| 650 |
_aMaterials _vPhysical Science |
||
| 942 |
_2ddc _cBK _n0 |
||
| 999 |
_c4730 _d4730 |
||